000 00488nam a2200181Ia 4500
008 240925s9999 xx 000 0 und d
020 _a1575764458
082 _a005.3 KOS
100 _aKosek, Steven
245 4 _aThe Page Maker Workshop
250 _a2nd
260 _aIndianapolis:
_bQue Publishing
_c,1997.
300 _axiv,394p.
_bNA
_fOriginal
500 _aIncludes Index
600 _aComputer Science
650 _aComputer science, information & general works
942 _cBK
999 _c5918
_d5918